000 00537nam a2200181Ia 4500
008 100920s9999 xx 000 0 und d
082 _b28850
_a51 थ 74
100 _aकुलकर्णी गोपाळदत्त.
245 _aविराट.
260 _bसुरस प्रकाशन, सोलापूर.
_c1974
300 _a84
_bसाधी
365 _b5
520 _aचरित्र.
630 _aविराट.
650 _aचरित्र.
730 _aविराट.
942 _cBOOK
999 _c684944
_d684941